Statistiques concernant Mots de la langue française terminés par "seau"

Cliquez ici pour prendre le quiz!

Statistiques générales

  • Ce quiz a été pris 150 fois
  • Le résultat moyen est 12 sur 20

Statistiques - réponses

IndiceMot% Correct
récipientseau
93%
signe zodiacalverseau
92%
narine du cheval par exemplenaseau
86%
de clés par exempletrousseau
86%
il plie et ne rompt pasroseau
85%
volatileoiseau
80%
.... horaire par exemplefuseau
75%
va à la rivièreruisseau
75%
philosopheRousseau
72%
... routier ou de chemin de fer par exempleréseau
71%
buisson, arbustearbrisseau
69%
navirevaisseau
55%
outil servant à la couturièreciseau
50%
petit ver de terrevermisseau
50%
morceau du chevreuil appréciécuisseau
47%
face, visage (familier)museau
47%
garçon du Moyen Agedamoiseau
32%
pièce de bois de petite sectiontasseau
31%
ancienne mesure de capacitéboisseau
19%
sert à fixer les avirons dans un bateauerseau
13%

Distribution des résultats

Percentile par nombre de réponses

% des personnes avec chaque résultat

Votre développement - résultats

Vous n’avez pas pris ce quiz